000 00256nam a22001097a 4500
008 170120b xxu||||| |||| 00| 0 eng d
020 _a0729537447
041 _aeng
080 _a618.2
245 _aEIDENCE FOR NURSING PACTICE
_cCOURTNEY, M
942 _2udc
_cBK
999 _c3332
_d3332